00760nam a2200193Ia 4500001000700000003000500007008004100012010001100053040000900064100003500073245019900108260004100307300001000348502007700358650003700435650003500472650002600507700003300533Z_1749CHAP220113s1999 xx 000 0 und d a164841 cCHAP aLázaro Chávez, Pablo Romeo aEfecto de la grasa de sobrepaso sobre la producción de leche y peso vivo de cabras lecheras en lactancia temprana (5 meses) /cpor Pablo Romeo Lázaro Chávez y Rosa María García Silva aChapingo, Méx. :bEl autor,c1999 a62 h. aTesis (Ing. Agr. Esp. en Zootecnia) -- UACH. Departamento de Zootecnia aGanado cabríoxAlimentación  aGanado cabríoxMejoramiento  aGanado cabríoxPeso aGarcía Silva, Rosa María